Bí ẩn mãi mãi là bí ẩn T.5

Сохранить в:
Библиографические подробности
Формат:
Язык:Vietnamese
Опубликовано: TP. Hồ Chí Minh Trẻ 2011
Редактирование:Tái bản lần thứ 7
Предметы:
Метки: Добавить метку
Нет меток, Требуется 1-ая метка записи!
Thư viện lưu trữ: Trung tâm Học liệu Lê Vũ Hùng, Trường Đại học Đồng Tháp
LEADER 00727aam a22002178a 4500
001 00029064
005 20171026081025.0
008 120504s2011 ||||||viesd
020 |c 30000 
041 0 # |a vie 
082 1 # |a 001.94  |b B300 
245 0 0 |a Bí ẩn mãi mãi là bí ẩn  |n T.5  |c Nhiều tác giả sưu tầm 
250 # # |a Tái bản lần thứ 7 
260 # # |a TP. Hồ Chí Minh  |b Trẻ  |c 2011 
300 # # |a 167tr.  |b hình ảnh  |c 19cm. 
650 # 4 |a Điều bí ấn 
653 # # |a Hiện tượng bí ấn 
852 # # |b Kho đọc  |j KD.0013489 
852 # # |j KD.0013489 
910 |d 04/05/2012 
980 # # |a Trung tâm Học liệu Lê Vũ Hùng, Trường Đại học Đồng Tháp